Afryka - quiz na mapie - Statystyki

Ogólne statystyki
  • Ten quiz został rozwiązany 10 360 razy
  • Średni wynik to 26 z 54
Odpowiedzi na mapie
Odpowiedzi zakodowano w zielono-czerwonej skali na mapie do tego quizu, zgodnie z poniższymi procentami.
 
Statystyki odpowiedzi
Odpowiedź % Poprawnych
Egipt
83%
Algieria
81%
Maroko
78%
Tunezja
72%
Madagaskar
71%
Libia
70%
Republika
Poludniowej Afryki
69%
Czad
64%
Sudan
64%
Demokratyczna
Republika Konga
62%
Somalia
62%
Etiopia
60%
Sudan Poludniowy
58%
Niger
56%
Republika
Środkowoafrykańska
55%
Erytrea
54%
Lesotho
54%
Kenia
53%
Angola
52%
Dżibuti
50%
Nigeria
50%
Tanzania
47%
Mozambik
46%
Eswatini
45%
Kongo
45%
Wyspy Swietego
Tomasza i Ksiazeca
45%
Mali
44%
Senegal
44%
Namibia
43%
Republika Zielonego
Przylądka
43%
Uganda
43%
Botswana
42%
Mauretania
42%
Rwanda
42%
Wybrzeże Kości
Słoniowej
42%
Gwinea Równikowa
41%
Kamerun
41%
Togo
41%
Seszele
39%
Malawi
38%
Zambia
38%
Zimbabwe
38%
Burkina Faso
37%
Burundi
36%
Benin
35%
Ghana
35%
Komory
35%
Mauritius
35%
Gabon
34%
Liberia
33%
Sierra Leone
33%
Gambia
32%
Gwinea Bissau
32%
Gwinea
31%
Nie znaleziono quizów pasujących do podanych kryteriów
Rozkład punktacji
Procent ludzi z każdym wynikiem
Percentyl według liczby udzielonych odpowiedzi
Twoja historia wyników
Nie rozwiązałeś tego quizu